• 首页
  • 本馆介绍
  • 公告通知
  • 最新文献
  • 馆藏检索
  • 电子资源
  • 读者导购
  • 参考咨询
  • 我的图书馆
  • 登录
  • 详细信息显示
  • 放入我的书架
  • 预约/预借图书
  • 作者相关作品
  • 分类相关作品
  • 丛书相关作品
  • 出版社相关作品

书目信息

  • 表格格式
  • 工作单格式
  • 卡片格式
题名:
京津冀协同创新创业型体育人才培养研究
    
 
作者: 刘振忠, 著
分册:  
出版信息: 上海   复旦大学出版社  2020.1
页数: 203页
开本: 23cm
丛书名:
单 册:
中图分类: G813.722 , G812.72
科图分类:
主题词: 体育--人才培养--研究--华北地区
电子资源:
ISBN: 978-7-309-13696-8
000 01182nam0 2200277 45
001 012001004139
005 20140926143010.0
010    @a978-7-309-13696-8@dCNY45.00
099    @aCAL 012020024664
100    @a20191226d2020 em y0chiy0110 ea
101 0  @achi
102    @aCN@b310000
105    @aak a 000yy
106    @ar
200 1  @a京津冀协同创新创业型体育人才培养研究@Ajing jin ji xie tong chuang xin chuang ye xing ti yu ren cai pei yang yan jiu@f刘振忠著
210    @a上海@c复旦大学出版社@d2020.1
215    @a203页@c图@d23cm
300    @a本书获河北省社会科学基金项目资助 (项目编号HB18TY008)
320    @a有书目 (第201-203页)
330    @a本书结合京津冀一体化建设, 以创新创业型体育人才培养为研究目标, 采取“分解-整合”的研究策略, 多角度、全方位地对创新创业型体育人才的培养展开了深入而具体的研究。本书内容丰富、逻辑清晰, 富有理论性和实践性, 对促进我国全民健身运动的广泛开展, 促进京津冀体育产业的绿色崛起, 全面推动体育经济发展具有十分重要的意义。
606 0  @a体育@x人才培养@x研究@y华北地区
690    @aG813.722@v5
690    @aG812.72@v5
701  0 @a刘振忠,@Aliu zhen zhong@f1970-@4著
801    @aCN@bAHXH@c20210922
905    @b1329590-4@dG813.722@e9@f5
    
    京津冀协同创新创业型体育人才培养研究/刘振忠著.-上海:复旦大学出版社,2020.1
    203页:图;23cm
    本书获河北省社会科学基金项目资助 (项目编号HB18TY008)
    
    ISBN 978-7-309-13696-8:CNY45.00
    本书结合京津冀一体化建设, 以创新创业型体育人才培养为研究目标, 采取“分解-整合”的研究策略, 多角度、全方位地对创新创业型体育人才的培养展开了深入而具体的研究。本书内容丰富、逻辑清晰, 富有理论性和实践性, 对促进我国全民健身运动的广泛开展, 促进京津冀体育产业的绿色崛起, 全面推动体育经济发展具有十分重要的意义。
●
相关链接 在E读中查询图书 在五车中查询图书 在当当中查询图书 在豆瓣中查询图书


正题名:京津冀协同创新创业型体育人才培养研究     索取号:G813.722/9         预约/预借

序号 登录号 条形码 馆藏地/架位号 状态 备注
1 1329590   213295904   第一样本阅览室/ [索取号:G813.722/9] 在馆    
2 1329591   213295913   教育系资料室/ [索取号:G813.722/9] 在馆    
3 1329592   213295922   教育系资料室/ [索取号:G813.722/9] 在馆    
4 1329593   213295931   第四借阅区/ [索取号:G813.722/9] 在馆    
5 1329594   213295940   第四借阅区/ [索取号:G813.722/9] 在馆    
唐山师范学院图书馆 欢迎您!
大连网信软件有限公司© 版权所有